Trouver le buteur (QCM) - Statistiques

Statistiques générales
  • Ce quiz a été pris 107 fois
  • Le résultat moyen est 6 sur 10
Statistiques - réponses
Question Réponse % Correct
Joueur auteur d'un quintuplé en 9 minutes Robert Lewandowski
96%
Quel joueur a marqué les 2 buts de la finale de la Coupe du Monde 2002 Ronaldo
88%
Buteur à la 87ème minute lors de la saison 2013-2014 qui prive le Paris-Saint-Germain d'une demi-finale de Ligue des Champions. Demba Ba
61%
Quel joueur a marqué les 2 buts de la finale de la Ligue des Champions 2009-2010 Diego Milito
61%
Plus vieux joueur à avoir marqué en Coupe du Monde à l'âge de 42 ans Roger Milla
61%
Auteur d'un retourné acrobatique lors de la finale de la Ligue des Champions 2016-2017 Mario Mandzukic
52%
Quel joueur a égalisé contre le Milan AC lors de la finale de la Ligue des Champions 2004-2005 permettant à son équipe de revenir à 3-3. Xabi Alonso
40%
Joueur ayant inscrit un doublé lors de la finale la Ligue Europa en 2018-2019 Eden Hazard
38%
Plus jeune joueur à avoir inscrit un triplé en Ligue 1 Jérémy Ménez
29%
Lequel de ces 3 joueurs n'a pas marqué 22 buts en Premier League lors de la saison 2018-2019 Harry Kane
25%
Aucun quiz correspondant
Distribution des résultats
% des personnes avec chaque résultat
Percentile par nombre de réponses
Votre historique - résultats
Vous n’avez pas pris ce quiz